<?xml version="1.0" encoding="UTF-8"?>
<record
    xmlns:xsi="http://www.w3.org/2001/XMLSchema-instance"
    xsi:schemaLocation="http://www.loc.gov/MARC21/slim http://www.loc.gov/standards/marcxml/schema/MARC21slim.xsd"
    xmlns="http://www.loc.gov/MARC21/slim">

  <leader>00956cam a2200169   4500500</leader>
  <controlfield tag="005">20260329012348.0</controlfield>
  <datafield tag="041" ind1=" " ind2=" ">
    <subfield code="a">fre</subfield>
  </datafield>
  <datafield tag="042" ind1=" " ind2=" ">
    <subfield code="a">dc</subfield>
  </datafield>
  <datafield tag="100" ind1="1" ind2="0">
    <subfield code="a">Berling, Charles</subfield>
    <subfield code="e">author</subfield>
  </datafield>
  <datafield tag="700" ind1="1" ind2="0">
    <subfield code="a">Sibony, Judith</subfield>
    <subfield code="e">author</subfield>
  </datafield>
  <datafield tag="245" ind1="0" ind2="0">
    <subfield code="a">Charles Berling. &#xAB;&#xA0;Quand les politiques me demandent mon utilit&#xE9;, ils m&#x2019;insultent&#xA0;&#xBB;</subfield>
  </datafield>
  <datafield tag="260" ind1=" " ind2=" ">
    <subfield code="c">2024.
							</subfield>
  </datafield>
  <datafield tag="500" ind1=" " ind2=" ">
    <subfield code="a">69</subfield>
  </datafield>
  <datafield tag="520" ind1=" " ind2=" ">
    <subfield code="a">Acteur et metteur en sc&#xE8;ne, Charles Berling a incarn&#xE9; plus d&#x2019;une centaine de r&#xF4;les au th&#xE9;&#xE2;tre et au cin&#xE9;ma. Depuis 2011, il dirige le th&#xE9;&#xE2;tre Ch&#xE2;teauvallon-Libert&#xE9;, sc&#xE8;ne nationale &#xE0; Toulon. C&#x2019;est donc &#xE0; la fois comme artiste et comme responsable institutionnel qu&#x2019;il nous a confi&#xE9; sa vision de l&#x2019;exception culturelle. Non sans une profonde inqui&#xE9;tude.</subfield>
  </datafield>
  <datafield tag="786" ind1="0" ind2=" ">
    <subfield code="n">Revue des deux Mondes | D&#xE9;cembre | 9 | 2024-12-01 | p. 39-45 | 2266-4734</subfield>
  </datafield>
  <datafield tag="856" ind1="4" ind2="1">
    <subfield code="u">https://shs.cairn.info/revue-revue-des-deux-mondes-2024-9-page-39?lang=fr&amp;redirect-ssocas=7080</subfield>
  </datafield>
  <datafield tag="999" ind1=" " ind2=" ">
    <subfield code="c">1870317</subfield>
    <subfield code="d">1870317</subfield>
  </datafield>
</record>
